000
00294nam a2200109Ia 4500
008
220204s9999 xx 000 0 und d
082
_a
NR:063IR 2004
_b
IRR
100
_a
Qiubo, Chen
245
0
_a
Proceedings of IRRDB conference 2004, Kunming, China
260
_a
China
_b
IRRDB
_c
2004
942
_c
BK
999
_c
44268
_d
44268